000 00681nam a22002177a 4500
999 _c158922
_d158922
005 20181120145512.0
006 a|||||f|||| 00| 0
007 tc
008 180720b xxu||||| |||| 00| 0 eng d
010 _aB-348091-B-348092
020 _c111.00
035 _aB-348091
037 _bA.I.C.B.
082 _a363
245 _aThe Trial of Dedan Kimathi
260 _aDelhi
_bA.C.I.B.
_cN.D.
270 _aSector-5, Rohini,
_bNew Delhi
_e110085
300 _avarious pages.
_c30cm(HB).
942 _2ddc
_cBRLEN
_h363
_mTRI